[Event "Las Vegas Festival 2017"]
[Site "Las Vegas"]
[Date "2017.06.18"]
[Round "6"]
[White "Ginsburg, Mark"]
[Black "Gurevich, Dmitry"]
[Result "0-1"]
[WhiteElo "2341"]
[BlackElo "2454"]
[Annotator "TA"]
[PlyCount "70"]
[EventDate "2017.??.??"]
[EventType "swiss"]
[EventCountry "USA"]
[SourceTitle "playchess.com"]
[Source "ChessBase"]
[SourceQuality "1"]

{[%evp 18,70,-2,0,2,-33,-17,-66,-68,-62,-66,-90,-43,-58,-54,-94,-95,-104,-93,-110,-94,-96,-9,-109,-102,-129,-125,-186,-172,-170,-174,-204,-176,-245,-252,-245,-238,-333,-335,-401,-388,-477,-458,-476,-477,-475,-456,-882,-881,-1342,-1246,-29990,-29991,-29991,-29992]} 1. c4 e6 2. Nf3 d5 3. b3 Nf6 4. g3 c5 5. Bg2 Nc6 6. O-O d4 7. d3 {A13: English Opening: 1...e6} (7. e3 Be7 8. exd4 cxd4 9. d3 O-O 10. Re1 Ne8 11. a3 a5 12. Nbd2 f6 13. Rb1 e5 14. Nh4 Nc7 15. Qh5 Qe8 16. Qxe8 Rxe8 {½-½ (132) Topalov,V (2761)-Nakamura,H (2787) Leuven 2016}) 7... Bd6 8. e3 O-O 9. exd4 cxd4 10. Ba3 {LiveBook: 7 Games} e5 11. b4 $146 ({Predecessor:} 11. Re1 Re8 12. Bxd6 Qxd6 13. Nbd2 Bf5 14. Qc2 Nb4 15. Qd1 Bxd3 16. Ng5 Nc2 17. Nde4 Nxe4 18. Nxf7 Kxf7 19. Qxd3 Nxe1 20. Qxe4 Nxg2 {0-1 (20) Carlstedt,J (2442)-Fridman,D (2649) Berlin 2015}) 11... a6 12. Qb3 h6 13. Nbd2 Be6 14. Rfe1 Re8 15. Rab1 Qd7 16. Rec1 b5 17. Qd1 Rac8 18. Ne1 Rc7 19. Qe2 Rb8 (19... Bf8 $17 20. Nef3 Rcc8) 20. Nc2 (20. c5 $11 Be7 21. Bxc6 Qxc6 22. Nef3) 20... bxc4 $17 21. Nxc4 {[#]} Rb5 $1 22. Bb2 (22. Re1 $17 {was called for.}) 22... Nxb4 $19 23. Nxd6 Qxd6 24. a4 {[#]} Rb8 $1 25. Nxb4 (25. Ba3 $142 a5 26. Nxb4 Rxc1+ 27. Bxc1) 25... Rxb4 26. Rxc7 Qxc7 27. Rc1 Qb8 28. Ba3 Rxa4 29. Bc5 Ra2 30. Qe1 Ng4 31. Rb1 Qc7 32. Qe4 (32. Qb4 $142 Nxf2 33. Qb8+ Qxb8 34. Rxb8+ Kh7 35. Rb7) 32... Nxf2 33. Qa8+ Kh7 34. Qf8 Nh3+ 35. Kh1 Rxg2 {Precision: White = 30%, Black = 72%.} 0-1

[Event "Las Vegas Festival 2017"]
[Site "Las Vegas"]
[Date "2017.06.18"]
[Round "6"]
[White "Raptis, Nick"]
[Black "Bryant, John Daniel"]
[Result "1/2-1/2"]
[WhiteElo "2296"]
[BlackElo "2443"]
[Annotator "TA"]
[PlyCount "88"]
[EventDate "2017.??.??"]
[EventType "swiss"]
[EventCountry "USA"]
[SourceTitle "playchess.com"]
[Source "ChessBase"]
[SourceQuality "1"]

{[%evp 13,88,-5,45,21,50,41,48,51,48,45,53,27,40,33,77,48,64,59,72,-24,-13,-51,48,-24,-20,-34,-20,-18,229,214,217,184,205,188,318,283,349,-335,115,81,299,346,425,434,520,529,519,506,728,698,1199,1153,1169,232,205,202,226,188,184,153,158,157,162,131,172,159,273,256,259,252,263,266,222,240,196,0,126]} 1. d4 c5 2. d5 e6 3. c4 exd5 4. cxd5 d6 5. Nc3 g6 6. e4 Bg7 7. f4 a6 (7... Bxc3+ $5 8. bxc3 Nf6 $11) 8. Nf3 {A43: Schmid Benoni} Bg4 9. a4 Ne7 10. Be2 {White is slightly better.} (10. Bc4 Nd7 11. O-O O-O 12. Qd3 Nb6 13. Nd2 f5 {1-0 (32) Agopov,M (2458)-Kiik,K (2374) Jyvaskyla 2015}) 10... O-O 11. O-O Nd7 12. Be3 (12. h3 $5 {[%cal Rh3g4]} Bxf3 13. gxf3 $11) 12... Re8 13. Bf2 h6 $146 ({Predecessor:} 13... Qa5) 14. h3 Bxf3 $1 15. Bxf3 Rb8 16. g4 (16. Qc2 $16) 16... g5 $11 17. e5 dxe5 (17... gxf4 $15 18. exd6 Nc8) 18. f5 ({Better is} 18. fxg5 $14 hxg5 19. Be4) 18... Nf6 19. Bxc5 Bf8 (19... Rc8 $5 {[%cal Rc8c5]} 20. Ba7 Rxc3 21. bxc3 e4 $14) 20. Qb3 Nxf5 $2 (20... Nc8 $11 21. Bxf8 Kxf8) 21. Bb6 $1 $18 {[%cal Rb6d8]} ({Stronger than} 21. Bxf8 Nd4 $17) 21... Qd6 22. gxf5 {Strongly threatening Ne4.} e4 23. Bg2 Qe5 (23... g4 $142) 24. Rfe1 Bd6 25. Be3 $4 {[%mdl 8192]} (25. Nxe4 $1 $18 {is the narrow road to win.} Qh2+ 26. Kf1 Nxe4 27. Rxe4) 25... g4 $2 (25... Qh2+ $19 26. Kf1 Nh5) 26. hxg4 $16 Nxg4 $2 (26... Qh2+ $16 27. Kf1 Qg3) 27. Nxe4 $18 Qh2+ 28. Kf1 Re5 29. Nxd6 Qg3 {[%cal Re5e3]} 30. Be4 Rxe4 31. Nxe4 Qf3+ 32. Kg1 Kh7 33. Ba7 $2 (33. d6 Ne5 34. Qc2) 33... Qxb3 34. Bxb8 Qxd5 35. Rad1 Qxf5 36. Bg3 Qf3 37. Rd7 Kg6 {And now ...f5 would win.} 38. Bf2 $1 (38. Rxb7 f5 $11) 38... h5 39. Rd2 ({Not} 39. Rxb7 h4 $11) 39... Qh3 (39... a5 $16 {might work better.} 40. Rd8 f6) 40. Bg3 $1 h4 41. Bb8 Qf3 {[#]} 42. Nf2 $1 {[%cal Rf2g4] Threatens to win with Nxg4.} Ne3 {[%csl Ge3][%cal Rf3g2]} 43. Nd1 Ng4 {[#]} 44. Nf2 (44. Rf1 $1 $18 {[%cal Rf1f3]} Qe4 45. Nf2) 44... Ne3 {Precision: White = 47%, Black = 36%.} 1/2-1/2